Tests of significance
Saved in:
| Main Author: | |
|---|---|
| Format: | Book |
| Language: | English |
| Published: |
Newbury Park :
Sage Publications,
c1976
|
| Series: | Sage university papers series. Quantitative applications in the social sciences ;
; 4 |
| Subjects: | |
| Tags: |
Add Tag
No Tags, Be the first to tag this record!
|
MARC
| LEADER | 00000nam a2200000 i 4500 | ||
|---|---|---|---|
| 001 | 1/18802 | ||
| 008 | 981022s1976 eng d | ||
| 020 | |a 0-8039-0652-8 | ||
| 035 | |l 10021040 | ||
| 040 | |a GR-MY-UA |b gre |e aacr | ||
| 041 | 0 | |a eng | |
| 082 | 0 | |a 519.5 | |
| 100 | 1 | |a Henkel, Ramon E. |d 1931- | |
| 245 | 1 | 0 | |a Tests of significance / |c Ramon E. Henkel |
| 260 | |a Newbury Park : |b Sage Publications, |c c1976 | ||
| 300 | |a 92 p. | ||
| 490 | 1 | |a Sage university papers series. Quantitative applications in the social sciences |v ; 4 | |
| 504 | |a Bibliography: p. 92 | ||
| 650 | 0 | 0 | |a Social sciences |x Statistical methods. |
| 830 | 0 | |a Sage university papers series. Quantitative applications in the social sciences ; |v ; 4 | |
| 852 | |a INST |b LESVOS |e 19981022 |h 519.5 HEN |p 005100018504 |q 005100018504 |t BK |y 0 | ||
| 901 | |a BIBL-1999-1 | ||
| 909 | |a Λ |b 059470 | ||
| 922 | |a 1ΕΛΗ |b 199809 |c ΚΠΣ/ΤΓ |d ΠΑΠΑΣΩΤΗΡΙΟΥ | ||
| 950 | |a 118-1998-07-23 | ||